<?xml version="1.0" encoding="UTF-8"?>
<record
    xmlns:xsi="http://www.w3.org/2001/XMLSchema-instance"
    xsi:schemaLocation="http://www.loc.gov/MARC21/slim http://www.loc.gov/standards/marcxml/schema/MARC21slim.xsd"
    xmlns="http://www.loc.gov/MARC21/slim">

  <leader>01832cas a2200445 a 4500</leader>
  <controlfield tag="001">11402570</controlfield>
  <controlfield tag="005">20081126050418.0</controlfield>
  <controlfield tag="007">t|</controlfield>
  <controlfield tag="008">920408d19921999nyubr p       0   a0eng d</controlfield>
  <datafield tag="010" ind1=" " ind2=" ">
    <subfield code="a">   92642706 </subfield>
    <subfield code="z">sn 92025204 </subfield>
  </datafield>
  <datafield tag="020" ind1=" " ind2=" ">
    <subfield code="a">9780080449654</subfield>
  </datafield>
  <datafield tag="030" ind1=" " ind2=" ">
    <subfield code="a">NMAEE7</subfield>
  </datafield>
  <datafield tag="035" ind1=" " ind2=" ">
    <subfield code="a">(OCoLC)ocm25608659 </subfield>
  </datafield>
  <datafield tag="040" ind1=" " ind2=" ">
    <subfield code="a">AU</subfield>
    <subfield code="c">AU</subfield>
    <subfield code="d">OUCA</subfield>
    <subfield code="d">MH</subfield>
    <subfield code="d">DLC</subfield>
    <subfield code="d">NST</subfield>
    <subfield code="d">MCM</subfield>
    <subfield code="d">DLC</subfield>
    <subfield code="d">NST</subfield>
    <subfield code="d">WaU</subfield>
    <subfield code="d">NSDP</subfield>
    <subfield code="d">MCM</subfield>
    <subfield code="d">GU</subfield>
    <subfield code="d">MH</subfield>
    <subfield code="d">CU-S</subfield>
    <subfield code="d">WaU</subfield>
    <subfield code="d">MH</subfield>
    <subfield code="d">DNLM</subfield>
    <subfield code="d">OCoLC</subfield>
    <subfield code="d">NLGGC</subfield>
    <subfield code="d">MiEM</subfield>
  </datafield>
  <datafield tag="042" ind1=" " ind2=" ">
    <subfield code="a">lc</subfield>
    <subfield code="a">nsdp</subfield>
  </datafield>
  <datafield tag="050" ind1="0" ind2="0">
    <subfield code="a">T174.7</subfield>
    <subfield code="b">.N36</subfield>
  </datafield>
  <datafield tag="082" ind1="0" ind2="0">
    <subfield code="a">620.11299</subfield>
    <subfield code="2">20</subfield>
    <subfield code="b">NAN</subfield>
  </datafield>
  <datafield tag="245" ind1="0" ind2="0">
    <subfield code="a">Nanostructured materials / </subfield>
    <subfield code="c">Edited by Gerhard Wilde.</subfield>
  </datafield>
  <datafield tag="246" ind1="1" ind2="3">
    <subfield code="a">NSM</subfield>
  </datafield>
  <datafield tag="260" ind1=" " ind2=" ">
    <subfield code="a">Amsterdam::</subfield>
    <subfield code="b">Elsevier,</subfield>
    <subfield code="c">c.2009.</subfield>
  </datafield>
  <datafield tag="300" ind1=" " ind2=" ">
    <subfield code="a">374p</subfield>
    <subfield code="b">ill. ;</subfield>
    <subfield code="c">26 cm.</subfield>
  </datafield>
  <datafield tag="362" ind1="1" ind2=" ">
    <subfield code="a">Ceased publication in 1999?</subfield>
  </datafield>
  <datafield tag="500" ind1=" " ind2=" ">
    <subfield code="a">Includes Index.</subfield>
  </datafield>
  <datafield tag="580" ind1=" " ind2=" ">
    <subfield code="a">Absorbed in part by: Acta materialia: and Scripta materialia.</subfield>
  </datafield>
  <datafield tag="590" ind1=" " ind2=" ">
    <subfield code="a">SERBIB/SERLOC merged record</subfield>
  </datafield>
  <datafield tag="650" ind1=" " ind2="0">
    <subfield code="a">Nanotechnology</subfield>
    <subfield code="v">Periodicals.</subfield>
    <subfield code="9">3825</subfield>
  </datafield>
  <datafield tag="650" ind1=" " ind2="0">
    <subfield code="a">Metallography</subfield>
    <subfield code="v">Periodicals.</subfield>
    <subfield code="9">3826</subfield>
  </datafield>
  <datafield tag="650" ind1=" " ind2="0">
    <subfield code="a">Materials</subfield>
    <subfield code="v">Periodicals.</subfield>
    <subfield code="9">3827</subfield>
  </datafield>
  <datafield tag="650" ind1="1" ind2="7">
    <subfield code="a">Nanokristallijne materialen.</subfield>
    <subfield code="2">gtt</subfield>
    <subfield code="9">3828</subfield>
  </datafield>
  <datafield tag="650" ind1="1" ind2="7">
    <subfield code="a">Nanostructuren.</subfield>
    <subfield code="2">gtt</subfield>
    <subfield code="9">3829</subfield>
  </datafield>
  <datafield tag="785" ind1="1" ind2="5">
    <subfield code="t">Acta materialia</subfield>
    <subfield code="x">1359-6454</subfield>
    <subfield code="w">(DLC)   96643329</subfield>
    <subfield code="w">(OCoLC)33966736</subfield>
  </datafield>
  <datafield tag="785" ind1="1" ind2="5">
    <subfield code="t">Scripta materialia</subfield>
    <subfield code="x">1359-6462</subfield>
    <subfield code="w">(DLC)   96660540</subfield>
    <subfield code="w">(OCoLC)33869183</subfield>
  </datafield>
  <datafield tag="787" ind1="1" ind2=" ">
    <subfield code="t">Acta metallurgica et materialia</subfield>
    <subfield code="g">1992-1995</subfield>
    <subfield code="x">0956-7151</subfield>
    <subfield code="w">(DLC)   90648511</subfield>
    <subfield code="w">(OCoLC)21019048</subfield>
  </datafield>
  <datafield tag="787" ind1="1" ind2=" ">
    <subfield code="t">Scripta metallurgica et materialia</subfield>
    <subfield code="g">1992-1995</subfield>
    <subfield code="x">0956-716X</subfield>
    <subfield code="w">(DLC)   90643182</subfield>
    <subfield code="w">(OCoLC)21003869</subfield>
  </datafield>
  <datafield tag="942" ind1=" " ind2=" ">
    <subfield code="2">ddc</subfield>
    <subfield code="c">BB</subfield>
  </datafield>
  <datafield tag="999" ind1=" " ind2=" ">
    <subfield code="c">11326</subfield>
    <subfield code="d">11326</subfield>
  </datafield>
  <datafield tag="952" ind1=" " ind2=" ">
    <subfield code="0">0</subfield>
    <subfield code="1">0</subfield>
    <subfield code="2">ddc</subfield>
    <subfield code="4">0</subfield>
    <subfield code="7">0</subfield>
    <subfield code="8">Baccah</subfield>
    <subfield code="a">MAIN</subfield>
    <subfield code="b">MAIN</subfield>
    <subfield code="c">1ST</subfield>
    <subfield code="d">2009-04-16</subfield>
    <subfield code="e">purchase</subfield>
    <subfield code="g">936.00</subfield>
    <subfield code="h">7117</subfield>
    <subfield code="l">1</subfield>
    <subfield code="m">2</subfield>
    <subfield code="o">620.11299 NAN</subfield>
    <subfield code="p">000013681</subfield>
    <subfield code="r">2025-07-15 00:00:00</subfield>
    <subfield code="s">2012-10-31</subfield>
    <subfield code="y">BB</subfield>
  </datafield>
</record>
